Tareekh-e-adab Aarah (Record no. 1679630)
[ view plain ]
| 000 -LEADER | |
|---|---|
| fixed length control field | 00724 a2200229 4500 |
| 005 - DATE AND TIME OF LATEST TRANSACTION | |
| control field | 20260327095327.0 |
| 008 - FIXED-LENGTH DATA ELEMENTS--GENERAL INFORMATION | |
| fixed length control field | 260327b |||||||| |||| 00| 0 eng d |
| 020 ## - INTERNATIONAL STANDARD BOOK NUMBER | |
| International Standard Book Number | 9789360622008 (hbk) |
| 037 ## - SOURCE OF ACQUISITION | |
| Terms of availability | TB |
| 040 ## - CATALOGING SOURCE | |
| Original cataloging agency | CRL |
| Transcribing agency | CRL |
| 041 ## - LANGUAGE CODE | |
| Source of code | URD |
| Language code of text/sound track or separate title | URD |
| 084 ## - COLON CLASSIFICATION NUMBER | |
| Classification number | O168vP25←L00 R5 |
| Item number | CRL |
| 100 ## - MAIN ENTRY--PERSONAL NAME | |
| Personal name | Danish, Imitiyaz Ahmad |
| 9 (RLIN) | 1115739 |
| 245 ## - TITLE STATEMENT | |
| Title | Tareekh-e-adab Aarah |
| 260 ## - PUBLICATION, DISTRIBUTION, ETC. | |
| Place of publication, distribution, etc. | New Delhi, India: |
| Name of publisher, distributor, etc. | Educational publishing house, |
| Date of publication, distribution, etc. | 2025. |
| 300 ## - PHYSICAL DESCRIPTION | |
| Extent | 489p. |
| 365 ## - TRADE PRICE | |
| Price amount | 700.00 |
| Currency code | INR |
| 650 ## - SUBJECT ADDED ENTRY--TOPICAL TERM | |
| Topical term or geographic name entry element | Urdu Literature |
| 650 ## - SUBJECT ADDED ENTRY--TOPICAL TERM | |
| Topical term or geographic name entry element | History |
| 942 ## - ADDED ENTRY ELEMENTS (KOHA) | |
| Koha item type | Textbook |
| Source of classification or shelving scheme | Colon Classification (CC) |
| Classification part | O168vP25←L00 R5 |
| Withdrawn status | Lost status | Source of classification or shelving scheme | Damaged status | Not for loan | Home library | Current library | Date acquired | Source of acquisition | Cost, normal purchase price | Inventory number | Total Checkouts | Full call number | Barcode | Date last seen | Cost, replacement price | Price effective from | Koha item type |
|---|---|---|---|---|---|---|---|---|---|---|---|---|---|---|---|---|---|
| Colon Classification (CC) | Central Library | Central Library | 2026-02-17 | Nadwi Publications | 560.00 | 2050 & 14.02.2026 | O168vP28←L00 R5 | CL1926238 | 2026-02-17 | 700.00 | 2026-02-17 | Textbook |
